Chẩn đoán công trình cầu
Cuốn sách biên soạn với mục đích cung cấp những kiến thức về các phương pháp chuẩn đoán tình trạng của các cầu cũ bằng thép, bêtông cốt thép, bêtông trên các tuyến đương bộ và đường sắt. Đây là tài liệu tham khảo cho các kỹ sư cầu đ...
Spremljeno u:
| Glavni autor: | |
|---|---|
| Format: | Knjiga |
| Jezik: | Undetermined |
| Izdano: |
Hà Nội
Xây dựng
2003
|
| Teme: | |
| Oznake: |
Dodaj oznaku
Bez oznaka, Budi prvi tko označuje ovaj zapis!
|
| Thư viện lưu trữ: | Trung tâm Học liệu Trường Đại học Cần Thơ |
|---|
| LEADER | 01094nam a2200205Ia 4500 | ||
|---|---|---|---|
| 001 | CTU_95627 | ||
| 008 | 210402s9999 xx 000 0 und d | ||
| 020 | |c 54000 | ||
| 082 | |a 624.2 | ||
| 082 | |b Tr513 | ||
| 100 | |a Nguyễn, Viết Trung | ||
| 245 | 0 | |a Chẩn đoán công trình cầu | |
| 245 | 0 | |c Nguyễn Viết Trung | |
| 260 | |a Hà Nội | ||
| 260 | |b Xây dựng | ||
| 260 | |c 2003 | ||
| 520 | |a Cuốn sách biên soạn với mục đích cung cấp những kiến thức về các phương pháp chuẩn đoán tình trạng của các cầu cũ bằng thép, bêtông cốt thép, bêtông trên các tuyến đương bộ và đường sắt. Đây là tài liệu tham khảo cho các kỹ sư cầu đường, sinh viên thuộc chuyên ngành đào tạo kỹ sư cầu đường và các nhà quản lý quan tâm đến lĩnh vực cầu đường. | ||
| 650 | |a Bridges | ||
| 904 | |i Úy Chị | ||
| 980 | |a Trung tâm Học liệu Trường Đại học Cần Thơ | ||